LEADER 01054nam0-22003491i-450- 001 990001438770403321 005 20121115120357.0 010 $a88-339-5589-3 035 $a000143877 035 $aFED01000143877 035 $a(Aleph)000143877FED01 035 $a000143877 100 $a20001205d1997----km-y0itay50------ba 101 0 $aita 200 1 $aEsercizi svolti e complementi di topologia e geometria$fChiara De Fabritiis, Carlo Petronio 210 $aTorino$cBollati Boringhieri$dc1997 215 $aix, 436 p.$d24 cm 225 1 $aProgramma di matematica, fisica, elettronica 610 0 $aTopologia$aManuali 610 0 $aGeometria$aManuali 676 $a514.076 700 1$aDe Fabritiis,$bChiara$062247 702 1$aPetronio,$bCarlo 801 0$aIT$bUNINA$gRICA$2UNIMARC 901 $aBK 912 $a990001438770403321 952 $a514.076-DEF-1$b106$fSC1 952 $a02 22 e 27$b8705$fFINBN 959 $aSC1 959 $aFINBN 996 $aEsercizi svolti e complementi di topologia e geometria$9374538 997 $aUNINA LEADER 02515nam 2200637 450 001 9910462889503321 005 20170816150218.0 010 $a1-139-05046-X 010 $a1-107-34124-8 010 $a1-107-34499-9 010 $a1-107-34749-1 035 $a(CKB)2670000000488708 035 $a(EBL)1139647 035 $a(SSID)ssj0001059750 035 $a(PQKBManifestationID)12467781 035 $a(PQKBTitleCode)TC0001059750 035 $a(PQKBWorkID)11079884 035 $a(PQKB)11023574 035 $a(MiAaPQ)EBC1139647 035 $a(UkCbUP)CR9781139050463 035 $a(EXLCZ)992670000000488708 100 $a20120814d2013 uy| 0 101 0 $aeng 135 $aur|n|---||||| 181 $ctxt 182 $cc 183 $acr 200 10$aFundamental planetary science $ephysics, chemistry and habitability /$fJack J. Lissauer, NASA Ames Research Center and Stanford University, and Imke de Pater, University of California, Berkeley, and Delft University of Technology 210 1$aCambridge :$cCambridge University Press,$d2013. 215 $a1 online resource (634 p.) 300 $aDescription based upon print version of record. 311 $a0-521-85330-3 320 $aIncludes bibliographical references and index. 327 $aMachine generated contents note: 1. Introduction; 2. Dynamics; 3. Solar heating and energy transport; 4. Planetary atmospheres; 5. Planetary surfaces; 6. Planetary interiors; 7. Magnetic fields and plasmas; 8. Meteorites; 9. Minor planets; 10. Comets; 11. Planetary rings; 12. Extrasolar planets; 13. Planet formation; 14. Planets and life; Index. 330 $a"A quantitative, broad-based introduction to planetary systems science for advanced undergraduate students, including planet formation, extrasolar planets, and planetary habitability"--$cProvided by publisher. 606 $aPlanetary theory 606 $aPlanets$xGeology 606 $aPlanets$xAtmospheres 606 $aPlanetary rings 608 $aElectronic books. 615 0$aPlanetary theory. 615 0$aPlanets$xGeology. 615 0$aPlanets$xAtmospheres. 615 0$aPlanetary rings. 676 $a523.4 676 $a523.9/8 676 $a523.98 700 $aLissauer$b Jack Jonathan$0986006 701 $aDe Pater$b Imke$f1952-$0473581 801 0$bMiAaPQ 801 1$bMiAaPQ 801 2$bMiAaPQ 906 $aBOOK 912 $a9910462889503321 996 $aFundamental planetary science$92253725 997 $aUNINA